[Event "1. liga - západ"]
[Site "Praha"]
[Date "2017.11.12"]
[Round "2.1"]
[White "Rodshtein, Maxim"]
[Black "Cernousek, Lukas"]
[Result "1-0"]
[BlackElo "2451"]
[WhiteElo "2699"]
[WhiteTeam "DP Praha"]
[BlackTeam "Bartos Unichess"]
[LiveChessVersion "1.4.8"]

1. e4 {[%clk 1:30:54]} e5 {[%clk 1:30:12]} 2. Nf3 {[%clk 1:31:12]} Nf6
{[%clk 1:30:35]} 3. Nxe5 {[%clk 1:31:11]} d6 {[%clk 1:30:36]} 4. Nf3
{[%clk 1:31:36]} Nxe4 {[%clk 1:31:01]} 5. Nc3 {[%clk 1:31:52]} Nxc3
{[%clk 1:31:13]} 6. dxc3 {[%clk 1:32:15]} Be7 {[%clk 1:31:24]} 7. Be3
{[%clk 1:32:17]} Nc6 {[%clk 1:31:20]} 8. Qd2 {[%clk 1:30:48]} Be6
{[%clk 1:30:51]} 9. O-O-O {[%clk 1:30:26]} Qd7 {[%clk 1:30:53]} 10. b3
{[%clk 1:27:30]} Bf6 {[%clk 1:25:56]} 11. h3 {[%clk 1:25:38]} a6 {[%clk 1:21:12]}
12. g4 {[%clk 1:22:45]} h6 {[%clk 1:21:00]} 13. Bg2 {[%clk 1:17:18]} O-O-O
{[%clk 1:18:04]} 14. Nd4 {[%clk 1:16:35]} Nxd4 {[%clk 1:17:44]} 15. Bxd4
{[%clk 1:13:13]} Bxd4 {[%clk 1:13:55]} 16. Qxd4 {[%clk 1:13:08]} f6
{[%clk 1:02:29]} 17. Qa7 {[%clk 1:06:01]} c6 {[%clk 1:02:55]} 18. Rd4
{[%clk 0:54:20]} Qc7 {[%clk 1:00:12]} 19. Rb4 {[%clk 0:47:51]} d5
{[%clk 0:36:14]} 20. Re1 {[%clk 0:33:58]} Rhe8 {[%clk 0:36:42]} 21. Bf1
{[%clk 0:33:51]} b5 {[%clk 0:36:30]} 22. Qxa6+ {[%clk 0:34:05]} Kd7
{[%clk 0:36:45]} 23. Rxb5 {[%clk 0:33:02]} 1-0

[Event "1. liga - západ"]
[Site "Praha"]
[Date "2017.11.12"]
[Round "2.2"]
[White "Bernasek, Jan"]
[Black "Carlsson, Pontus"]
[Result "1/2-1/2"]
[BlackElo "2449"]
[WhiteElo "2501"]
[WhiteTeam "Bartos Unichess"]
[BlackTeam "DP Praha"]
[LiveChessVersion "1.4.8"]

1. d4 {[%clk 1:30:56]} e6 {[%clk 1:10:34]} 2. c4 {[%clk 1:31:17]} Nf6
{[%clk 1:10:59]} 3. Nc3 {[%clk 1:31:25]} Bb4 {[%clk 1:11:23]} 4. e3
{[%clk 1:31:28]} O-O {[%clk 1:11:37]} 5. Nge2 {[%clk 1:31:23]} Re8
{[%clk 1:11:49]} 6. a3 {[%clk 1:30:39]} Bf8 {[%clk 1:12:10]} 7. e4
{[%clk 1:27:30]} d5 {[%clk 1:07:48]} 8. e5 {[%clk 1:26:41]} Nfd7 {[%clk 1:08:08]}
9. c5 {[%clk 1:19:09]} b6 {[%clk 1:07:43]} 10. b4 {[%clk 1:19:33]} a5
{[%clk 1:07:39]} 11. Rb1 {[%clk 1:19:57]} axb4 {[%clk 0:44:41]} 12. axb4
{[%clk 1:20:22]} bxc5 {[%clk 0:20:36]} 13. bxc5 {[%clk 1:19:51]} f6
{[%clk 0:17:00]} 14. f4 {[%clk 1:17:55]} Nc6 {[%clk 0:06:02]} 15. g3
{[%clk 1:02:19]} fxe5 {[%clk 0:03:05]} 16. fxe5 {[%clk 1:02:26]} Ba6
{[%clk 0:00:39]} 17. Nf4 {[%clk 0:54:05]} Bxf1 {[%clk 0:00:42]} 18. Rxf1
{[%clk 0:54:31]} Nxd4 {[%clk 0:00:56]} 19. Qxd4 {[%clk 0:50:24]} Bxc5
{[%clk 0:01:25]} 20. Qd1 {[%clk 0:48:44]} Nxe5 {[%clk 0:01:52]} 21. Qh5
{[%clk 0:45:16]} Nc4 {[%clk 0:00:34]} 22. Nd3 {[%clk 0:34:08]} Bd4
{[%clk 0:00:50]} 23. Qf7+ {[%clk 0:32:26]} Kh8 {[%clk 0:01:19]} 24. Nb5
{[%clk 0:32:47]} Bb6 {[%clk 0:00:46]} 25. Rf4 {[%clk 0:19:50]} Rf8
{[%clk 0:00:35]} 26. Qh5 {[%clk 0:16:27]} Rxf4 {[%clk 0:01:00]} 27. Bxf4
{[%clk 0:16:35]} Qf6 {[%clk 0:00:44]} 28. Ne5 {[%clk 0:13:46]} Kg8
{[%clk 0:00:45]} 29. Nxc4 {[%clk 0:11:55]} dxc4 {[%clk 0:01:14]} 30. Qe5
{[%clk 0:11:49]} Qg6 {[%clk 0:01:18]} 31. Rd1 {[%clk 0:08:17]} Rf8
{[%clk 0:00:36]} 32. Nc3 {[%clk 0:06:40]} h6 {[%clk 0:00:38]} 33. Qe4
{[%clk 0:03:42]} Qf6 {[%clk 0:00:55]} 34. Qe5 {[%clk 0:01:46]} Qg6
{[%clk 0:01:12]} 35. Rd2 {[%clk 0:00:49]} Rf5 {[%clk 0:00:41]} 36. Qe4
{[%clk 0:00:45]} Qf6 {[%clk 0:00:45]} 37. Qa8+ {[%clk 0:00:43]} Kh7
{[%clk 0:01:03]} 38. Ne4 {[%clk 0:00:55]} Qe7 {[%clk 0:00:36]} 39. Qd8
{[%clk 0:00:33]} Qb4 {[%clk 0:00:47]} 40. Ke2 {[%clk 0:00:31]} c3
{[%clk 0:01:06]} 41. Nxc3 {[%clk 0:00:32]} Qxc3 {[%clk 0:01:20]} 42. Qd3
{[%clk 0:27:17]} Qc6 {[%clk 0:05:24]} 43. h4 {[%clk 0:22:55]} Ba5
{[%clk 0:01:41]} 44. Rc2 {[%clk 0:20:26]} Qg2+ {[%clk 0:02:06]} 45. Kd1
{[%clk 0:20:45]} Qg1+ {[%clk 0:02:21]} 46. Ke2 {[%clk 0:21:08]} Qg2+
{[%clk 0:00:51]} 47. Kd1 {[%clk 0:21:37]} Qg1+ {[%clk 0:00:33]} 48. Ke2
{[%clk 0:21:16]} c5 {[%clk 0:00:54]} 49. Kf3 {[%clk 0:18:33]} Qh1+
{[%clk 0:00:34]} 50. Rg2 {[%clk 0:18:58]} h5 {[%clk 0:00:42]} 51. Qe2
{[%clk 0:15:38]} e5 {[%clk 0:00:38]} 52. Ke4 {[%clk 0:16:06]} Qb1+
{[%clk 0:00:45]} 53. Qc2 {[%clk 0:16:34]} Qxc2+ {[%clk 0:00:35]} 54. Rxc2
{[%clk 0:17:03]} Rf7 {[%clk 0:00:32]} 55. Bxe5 {[%clk 0:13:41]} Bb4
{[%clk 0:00:44]} 56. Kd5 {[%clk 0:13:38]} Rf3 {[%clk 0:00:36]} 57. Ke4
{[%clk 0:12:37]} Rb3 {[%clk 0:00:38]} 58. Kf5 {[%clk 0:12:31]} Be1
{[%clk 0:00:37]} 59. g4 {[%clk 0:08:57]} hxg4 {[%clk 0:01:01]} 60. Kxg4
{[%clk 0:09:17]} Rb4+ {[%clk 0:01:11]} 61. Kf5 {[%clk 0:08:36]} g6+
{[%clk 0:00:42]} 62. Ke6 {[%clk 0:08:42]} Bxh4 {[%clk 0:00:32]} 63. Rxc5
{[%clk 0:08:59]} Kh6 {[%clk 0:00:32]} 64. Rc6 {[%clk 0:05:22]} Kh5
{[%clk 0:00:42]} 65. Rd6 {[%clk 0:02:18]} Re4 {[%clk 0:00:49]} 66. Rd4
{[%clk 0:02:02]} Re2 {[%clk 0:00:37]} 67. Kd5 {[%clk 0:02:19]} g5
{[%clk 0:00:39]} 68. Re4 {[%clk 0:02:00]} Rf2 {[%clk 0:00:45]} 69. Ke6
{[%clk 0:01:52]} g4 {[%clk 0:00:44]} 70. Rf4 {[%clk 0:00:44]} g3 {[%clk 0:00:36]}
71. Rf5+ {[%clk 0:00:44]} Kg4 {[%clk 0:00:33]} 72. Bxg3 {[%clk 0:00:59]} Rxf5
{[%clk 0:00:47]} 73. Bxh4 {[%clk 0:01:25]} Kf4 {[%clk 0:01:05]} 74. Be7
{[%clk 0:01:29]} Ke4 {[%clk 0:01:28]} 75. Bd6 {[%clk 0:01:12]} Ra5
{[%clk 0:01:35]} 76. Bb8 {[%clk 0:00:56]} Rd5 {[%clk 0:01:12]} 77. Bd6
{[%clk 0:01:18]} Rh5 {[%clk 0:01:35]} 78. Bf8 {[%clk 0:01:06]} Ra5
{[%clk 0:01:32]} 79. Bd6 {[%clk 0:01:06]} Ra6 {[%clk 0:01:54]} 80. Kd7
{[%clk 0:01:05]} Kd5 {[%clk 0:02:21]} 81. Bb8 {[%clk 0:01:04]} Rc6
{[%clk 0:02:32]} 82. Ba7 {[%clk 0:01:05]} Rc3 {[%clk 0:02:02]} 83. Bb6
{[%clk 0:01:25]} Rh3 {[%clk 0:02:15]} 84. Kc7 {[%clk 0:00:50]} Rh7+
{[%clk 0:02:38]} 85. Kb8 {[%clk 0:01:00]} Kc6 {[%clk 0:02:59]} 86. Bf2
{[%clk 0:01:13]} Rf7 {[%clk 0:02:29]} 87. Be3 {[%clk 0:01:23]} Rf1
{[%clk 0:01:54]} 88. Bd4 {[%clk 0:01:23]} Rb1+ {[%clk 0:01:08]} 89. Ka8
{[%clk 0:01:48]} Rd1 {[%clk 0:00:53]} 90. Be3 {[%clk 0:01:36]} Rd3
{[%clk 0:01:10]} 91. Bg1 {[%clk 0:01:10]} Rh3 {[%clk 0:00:41]} 92. Bd4
{[%clk 0:01:19]} Kc7 {[%clk 0:00:33]} 93. Be5+ {[%clk 0:01:38]} Kc6
{[%clk 0:00:47]} 94. Bd4 {[%clk 0:02:02]} Rh4 {[%clk 0:01:13]} 95. Bf2
{[%clk 0:02:17]} Ra4+ {[%clk 0:01:35]} 96. Kb8 {[%clk 0:02:30]} Rb4+
{[%clk 0:01:45]} 97. Ka8 {[%clk 0:02:34]} Rb7 {[%clk 0:01:34]} 98. Be3
{[%clk 0:02:31]} Kc7 {[%clk 0:01:48]} 99. Bf4+ {[%clk 0:02:15]} Kc8
{[%clk 0:02:13]} 100. Be3 {[%clk 0:02:19]} Kc7 {[%clk 0:01:53]} 101. Bf4+
{[%clk 0:02:37]} Kb6 {[%clk 0:02:21]} 102. Be3+ {[%clk 0:02:14]} Ka6
{[%clk 0:02:41]} 103. Bf4 {[%clk 0:02:23]} Rb4 {[%clk 0:02:54]} 104. Bb8
{[%clk 0:02:14]} Kb6 {[%clk 0:02:21]} 105. Ba7+ {[%clk 0:02:14]} Kc7
{[%clk 0:02:25]} 106. Bf2 {[%clk 0:02:20]} Rg4 {[%clk 0:02:08]} 107. Be3
{[%clk 0:02:17]} Re4 {[%clk 0:02:09]} 108. Bf2 {[%clk 0:02:31]} Re2
{[%clk 0:01:58]} 109. Bg3+ {[%clk 0:02:37]} Kb6 {[%clk 0:02:23]} 110. Bf4
{[%clk 0:02:28]} Re8+ {[%clk 0:00:50]} 111. Bb8 {[%clk 0:02:55]} Kc6
{[%clk 0:01:05]} 112. Ka7 {[%clk 0:03:09]} Re7+ {[%clk 0:01:31]} 113. Ka8
{[%clk 0:03:20]} Re8 {[%clk 0:00:32]} 114. Ka7 {[%clk 0:03:43]} Re2
{[%clk 0:00:49]} 115. Ka8 {[%clk 0:04:07]} Kb6 {[%clk 0:01:04]} 116. Ba7+
{[%clk 0:04:01]} Kc6 {[%clk 0:00:40]} 117. Bb8 {[%clk 0:03:50]} Rb2
{[%clk 0:00:37]} 118. Bf4 {[%clk 0:03:28]} Ra2+ {[%clk 0:00:43]} 119. Kb8
{[%clk 0:03:56]} Rf2 {[%clk 0:00:55]} 120. Be3 {[%clk 0:04:08]} Rf3
{[%clk 0:00:42]} 121. Bd4 {[%clk 0:04:18]} Rb3+ {[%clk 0:00:40]} 122. Ka8
{[%clk 0:04:39]} Rb5 {[%clk 0:00:54]} 123. Be3 {[%clk 0:04:50]} Re5
{[%clk 0:00:40]} 124. Bf2 {[%clk 0:05:11]} Re8+ {[%clk 0:00:43]} 125. Ka7
{[%clk 0:05:34]} Re7+ {[%clk 0:00:54]} 126. Ka8 {[%clk 0:05:54]} Re2
{[%clk 0:01:18]} 127. Bd4 {[%clk 0:06:15]} Kc7 {[%clk 0:01:41]} 128. Bg1
{[%clk 0:05:28]} Rg2 {[%clk 0:00:40]} 129. Be3 {[%clk 0:05:46]} Rg4
{[%clk 0:00:46]} 130. Bf2 {[%clk 0:05:47]} Rg5 {[%clk 0:00:48]} 131. Be3
{[%clk 0:06:04]} Rf5 {[%clk 0:00:52]} 1/2-1/2

[Event "1. liga - západ"]
[Site "Praha"]
[Date "2017.11.12"]
[Round "2.3"]
[White "Plischki, Sebastian"]
[Black "Jurcik, Marian"]
[Result "1/2-1/2"]
[BlackElo "2479"]
[WhiteElo "2397"]
[WhiteTeam "DP Praha"]
[BlackTeam "Bartos Unichess"]
[LiveChessVersion "1.4.8"]

1. d4 {[%clk 1:30:52]} d6 {[%clk 1:30:33]} 2. Nf3 {[%clk 1:30:49]} g6
{[%clk 1:30:41]} 3. g3 {[%clk 1:29:55]} Bg7 {[%clk 1:30:12]} 4. Bg2
{[%clk 1:30:14]} f5 {[%clk 1:29:05]} 5. O-O {[%clk 1:30:19]} Nf6 {[%clk 1:28:47]}
6. c4 {[%clk 1:30:23]} O-O {[%clk 1:28:49]} 7. Nc3 {[%clk 1:30:42]} c6
{[%clk 1:28:08]} 8. b3 {[%clk 1:29:29]} Na6 {[%clk 1:27:16]} 9. Bb2
{[%clk 1:28:24]} Qc7 {[%clk 1:26:56]} 10. Rc1 {[%clk 1:26:17]} e5
{[%clk 1:07:11]} 11. Nb5 {[%clk 1:02:27]} Qd8 {[%clk 1:07:06]} 12. dxe5
{[%clk 1:01:18]} dxe5 {[%clk 1:07:13]} 13. Nd6 {[%clk 0:48:19]} e4
{[%clk 1:06:52]} 14. Ng5 {[%clk 0:46:22]} Nh5 {[%clk 0:59:09]} 15. Bxg7
{[%clk 0:45:52]} Nxg7 {[%clk 0:58:40]} 16. h4 {[%clk 0:39:47]} Qe7
{[%clk 0:51:25]} 17. Qd2 {[%clk 0:35:34]} Ne6 {[%clk 0:31:12]} 18. Rfd1
{[%clk 0:30:55]} Nxg5 {[%clk 0:22:08]} 19. Qxg5 {[%clk 0:30:41]} Qxg5
{[%clk 0:22:32]} 20. hxg5 {[%clk 0:31:06]} Nc5 {[%clk 0:22:28]} 21. f3
{[%clk 0:29:06]} exf3 {[%clk 0:15:20]} 22. exf3 {[%clk 0:29:24]} a5
{[%clk 0:15:32]} 23. f4 {[%clk 0:27:47]} Rd8 {[%clk 0:10:17]} 1/2-1/2

[Event "1. liga - západ"]
[Site "Praha"]
[Date "2017.11.12"]
[Round "2.4"]
[White "Simek, Petr"]
[Black "Burdalev, Kirill"]
[Result "1-0"]
[BlackElo "2354"]
[WhiteElo "2369"]
[WhiteTeam "Bartos Unichess"]
[BlackTeam "DP Praha"]
[LiveChessVersion "1.4.8"]

1. d4 {[%clk 1:30:57]} d5 {[%clk 1:28:55]} 2. c4 {[%clk 1:31:08]} c6
{[%clk 1:29:18]} 3. Nc3 {[%clk 1:29:40]} Nf6 {[%clk 1:29:41]} 4. cxd5
{[%clk 1:28:05]} cxd5 {[%clk 1:30:02]} 5. Bf4 {[%clk 1:28:29]} Nc6
{[%clk 1:29:06]} 6. e3 {[%clk 1:28:52]} a6 {[%clk 1:27:05]} 7. Rc1
{[%clk 1:27:24]} Bf5 {[%clk 1:23:52]} 8. Qb3 {[%clk 1:24:04]} Ra7
{[%clk 1:24:17]} 9. Nf3 {[%clk 1:21:45]} e6 {[%clk 1:24:40]} 10. Be2
{[%clk 1:18:26]} Be7 {[%clk 1:20:24]} 11. h3 {[%clk 1:17:19]} Ne4
{[%clk 1:13:20]} 12. O-O {[%clk 1:15:44]} O-O {[%clk 1:10:59]} 13. Nxe4
{[%clk 1:12:30]} Bxe4 {[%clk 1:10:31]} 14. Ne5 {[%clk 1:11:31]} Na5
{[%clk 1:08:36]} 15. Qc3 {[%clk 1:10:00]} f6 {[%clk 1:02:33]} 16. Nd3
{[%clk 1:03:05]} Bxd3 {[%clk 0:58:15]} 17. Bxd3 {[%clk 1:03:15]} Nc6
{[%clk 0:58:32]} 18. a3 {[%clk 0:58:00]} Ra8 {[%clk 0:57:54]} 19. Rc2
{[%clk 0:50:30]} f5 {[%clk 0:40:55]} 20. Rfc1 {[%clk 0:50:32]} Qd7
{[%clk 0:32:21]} 21. Qe1 {[%clk 0:47:34]} Rfc8 {[%clk 0:26:04]} 22. Qd1
{[%clk 0:40:17]} Bd6 {[%clk 0:19:55]} 23. Bxd6 {[%clk 0:39:53]} Qxd6
{[%clk 0:20:19]} 24. Rc5 {[%clk 0:40:07]} Ne7 {[%clk 0:15:37]} 25. b4
{[%clk 0:39:39]} Rc6 {[%clk 0:15:27]} 26. R1c3 {[%clk 0:32:37]} Rac8
{[%clk 0:14:33]} 27. Qc2 {[%clk 0:31:38]} g6 {[%clk 0:12:15]} 28. g3
{[%clk 0:31:31]} e5 {[%clk 0:11:42]} 29. dxe5 {[%clk 0:16:07]} Qxe5
{[%clk 0:12:01]} 30. Rxc6 {[%clk 0:16:30]} Rxc6 {[%clk 0:11:35]} 31. Rxc6
{[%clk 0:16:52]} Nxc6 {[%clk 0:11:21]} 32. Bxa6 {[%clk 0:16:48]} Qa1+
{[%clk 0:09:08]} 33. Bf1 {[%clk 0:15:24]} Qxa3 {[%clk 0:08:09]} 34. b5
{[%clk 0:13:17]} Ne5 {[%clk 0:03:57]} 35. Qc8+ {[%clk 0:13:32]} Kf7
{[%clk 0:02:53]} 36. Qxb7+ {[%clk 0:12:13]} Ke6 {[%clk 0:03:19]} 37. Qa6+
{[%clk 0:07:02]} Qd6 {[%clk 0:03:43]} 38. Kg2 {[%clk 0:07:08]} Nd7
{[%clk 0:03:50]} 39. Qc8 {[%clk 0:06:15]} h5 {[%clk 0:01:57]} 40. Be2
{[%clk 0:04:40]} Kf7 {[%clk 0:01:01]} 41. Bf3 {[%clk 0:20:14]} Nb6
{[%clk 0:23:16]} 42. Qb7+ {[%clk 0:20:19]} Kf6 {[%clk 0:23:23]} 43. h4
{[%clk 0:18:36]} Qe6 {[%clk 0:17:30]} 44. Qc7 {[%clk 0:17:40]} Nd7
{[%clk 0:15:44]} 45. Qc6 {[%clk 0:15:27]} Nb6 {[%clk 0:13:38]} 46. Qc3+
{[%clk 0:13:59]} Kf7 {[%clk 0:13:59]} 47. Qd4 {[%clk 0:14:02]} Kg8
{[%clk 0:10:53]} 48. Be2 {[%clk 0:13:44]} Kf7 {[%clk 0:10:49]} 49. Bd3
{[%clk 0:14:07]} Ke7 {[%clk 0:10:19]} 50. Qc5+ {[%clk 0:12:00]} Kd7
{[%clk 0:09:06]} 51. Kf3 {[%clk 0:10:55]} Nc4 {[%clk 0:05:46]} 52. Qa7+
{[%clk 0:09:50]} Kc8 {[%clk 0:05:26]} 53. Qa6+ {[%clk 0:04:10]} Kd7
{[%clk 0:05:51]} 54. Qxe6+ {[%clk 0:03:12]} Kxe6 {[%clk 0:06:18]} 55. Kf4
{[%clk 0:03:37]} Nb6 {[%clk 0:01:21]} 56. Kg5 {[%clk 0:03:50]} Kf7
{[%clk 0:01:45]} 57. Bc2 {[%clk 0:04:06]} Kg7 {[%clk 0:01:43]} 58. Bb3
{[%clk 0:04:20]} Kf7 {[%clk 0:01:39]} 59. f3 {[%clk 0:01:32]} Kg7
{[%clk 0:02:03]} 60. Ba2 {[%clk 0:01:57]} Nc4 {[%clk 0:00:53]} 61. Bxc4
{[%clk 0:01:09]} dxc4 {[%clk 0:01:12]} 62. b6 {[%clk 0:01:35]} c3
{[%clk 0:01:34]} 63. b7 {[%clk 0:02:03]} c2 {[%clk 0:01:56]} 64. b8=Q
{[%clk 0:02:28]} c1=Q {[%clk 0:02:04]} 65. Qb7+ {[%clk 0:02:53]} Kf8
{[%clk 0:01:44]} 66. Kxg6 {[%clk 0:03:18]} Ke8 {[%clk 0:01:43]} 67. Qf7+
{[%clk 0:03:03]} Kd8 {[%clk 0:01:58]} 68. Qd5+ {[%clk 0:03:21]} Ke8
{[%clk 0:02:14]} 69. Kxf5 {[%clk 0:03:20]} Qe1 {[%clk 0:01:54]} 70. Qe5+
{[%clk 0:03:17]} Kf8 {[%clk 0:02:14]} 71. Kg6 {[%clk 0:03:28]} Qxe3
{[%clk 0:02:19]} 72. Qxe3 {[%clk 0:03:50]} 1-0

[Event "1. liga - západ"]
[Site "Praha"]
[Date "2017.11.12"]
[Round "2.5"]
[White "Rous, Daniel"]
[Black "Kovar, Vojtech"]
[Result "0-1"]
[BlackElo "2266"]
[WhiteElo "2234"]
[WhiteTeam "DP Praha"]
[BlackTeam "Bartos Unichess"]
[LiveChessVersion "1.4.8"]

1. d4 {[%clk 1:30:56]} Nf6 {[%clk 1:30:52]} 2. c4 {[%clk 1:31:20]} e6
{[%clk 1:31:16]} 3. Nf3 {[%clk 1:31:40]} d5 {[%clk 1:30:17]} 4. Nc3
{[%clk 1:32:05]} Bb4 {[%clk 1:30:37]} 5. cxd5 {[%clk 1:32:08]} exd5
{[%clk 1:29:16]} 6. Bf4 {[%clk 1:31:55]} c6 {[%clk 1:25:33]} 7. Rc1
{[%clk 1:23:13]} Bf5 {[%clk 1:23:51]} 8. e3 {[%clk 1:21:48]} Nbd7
{[%clk 1:24:15]} 9. Be2 {[%clk 1:21:18]} Ne4 {[%clk 1:22:42]} 10. Qb3
{[%clk 1:14:03]} Qb6 {[%clk 1:21:58]} 11. O-O {[%clk 1:10:05]} Be7
{[%clk 0:49:52]} 12. h3 {[%clk 0:35:05]} Qxb3 {[%clk 0:45:46]} 13. axb3
{[%clk 0:35:24]} g5 {[%clk 0:39:38]} 14. Bh2 {[%clk 0:35:26]} h5 {[%clk 0:32:50]}
15. Nxe4 {[%clk 0:28:33]} Bxe4 {[%clk 0:32:51]} 16. Nd2 {[%clk 0:28:00]} Bg6
{[%clk 0:32:18]} 17. Nb1 {[%clk 0:27:16]} Nb6 {[%clk 0:28:47]} 18. Nc3
{[%clk 0:26:30]} Nc8 {[%clk 0:24:49]} 19. f3 {[%clk 0:21:46]} Nd6
{[%clk 0:18:54]} 20. Rfe1 {[%clk 0:20:44]} O-O {[%clk 0:12:26]} 21. Bd1
{[%clk 0:12:56]} Nf5 {[%clk 0:09:59]} 22. g4 {[%clk 0:01:00]} Nh4
{[%clk 0:08:52]} 23. Bg3 {[%clk 0:01:09]} f5 {[%clk 0:05:19]} 24. Bxh4
{[%clk 0:01:10]} gxh4 {[%clk 0:05:47]} 25. Bc2 {[%clk 0:00:47]} hxg4
{[%clk 0:02:42]} 26. hxg4 {[%clk 0:01:16]} Kg7 {[%clk 0:00:35]} 27. gxf5
{[%clk 0:01:37]} Bxf5 {[%clk 0:00:37]} 28. Bxf5 {[%clk 0:02:06]} Rxf5
{[%clk 0:01:01]} 29. f4 {[%clk 0:02:27]} h3 {[%clk 0:01:19]} 30. Kh2
{[%clk 0:02:34]} Bh4 {[%clk 0:01:44]} 31. Rg1+ {[%clk 0:02:32]} Kf7
{[%clk 0:02:13]} 32. Rcf1 {[%clk 0:01:53]} Re8 {[%clk 0:01:16]} 33. Rf3
{[%clk 0:01:23]} Rh5 {[%clk 0:01:11]} 34. Ne2 {[%clk 0:00:41]} Kf6
{[%clk 0:00:40]} 35. Nc1 {[%clk 0:00:32]} Kf5 {[%clk 0:00:40]} 36. Rgf1
{[%clk 0:00:32]} Rg8 {[%clk 0:00:37]} 37. Nd3 {[%clk 0:00:34]} Be7
{[%clk 0:00:32]} 38. R1f2 {[%clk 0:00:40]} Ke4 {[%clk 0:00:41]} 39. Ne5
{[%clk 0:00:35]} Bh4 {[%clk 0:00:37]} 40. Rf1 {[%clk 0:00:37]} Rh7
{[%clk 0:00:33]} 41. f5 {[%clk 0:21:59]} Rg2+ {[%clk 0:19:41]} 42. Kxh3
{[%clk 0:02:27]} Rf2 {[%clk 0:19:59]} 43. R3xf2 {[%clk 0:02:56]} Bxf2+
{[%clk 0:20:23]} 44. Kg4 {[%clk 0:03:14]} Rg7+ {[%clk 0:14:53]} 45. Kh5
{[%clk 0:00:38]} Bxe3 {[%clk 0:15:15]} 46. f6 {[%clk 0:00:34]} Rg5+
{[%clk 0:15:40]} 47. Kh4 {[%clk 0:00:34]} Rf5 {[%clk 0:16:06]} 48. Rxf5
{[%clk 0:00:33]} Kxf5 {[%clk 0:16:34]} 49. f7 {[%clk 0:00:34]} Bg5+
{[%clk 0:13:24]} 50. Kh5 {[%clk 0:00:34]} Be7 {[%clk 0:13:20]} 51. Kh6
{[%clk 0:00:33]} c5 {[%clk 0:12:12]} 52. dxc5 0-1

[Event "1. liga - západ"]
[Site "Praha"]
[Date "2017.11.12"]
[Round "2.6"]
[White "Rehorek, Martin"]
[Black "Pribyl, Martin"]
[Result "1-0"]
[BlackElo "2326"]
[WhiteElo "2262"]
[WhiteTeam "Bartos Unichess"]
[BlackTeam "DP Praha"]
[LiveChessVersion "1.4.8"]

1. e4 {[%clk 1:30:57]} c5 {[%clk 1:30:50]} 2. Nf3 {[%clk 1:31:21]} d6
{[%clk 1:31:14]} 3. d4 {[%clk 1:31:46]} cxd4 {[%clk 1:31:41]} 4. Nxd4
{[%clk 1:32:12]} Nf6 {[%clk 1:32:05]} 5. Nc3 {[%clk 1:32:37]} a6 {[%clk 1:32:31]}
6. Bc4 {[%clk 1:31:56]} e6 {[%clk 1:32:38]} 7. Bb3 {[%clk 1:32:02]} b5
{[%clk 1:30:59]} 8. Qe2 {[%clk 1:31:11]} Nbd7 {[%clk 1:27:33]} 9. Bg5
{[%clk 1:28:26]} Nc5 {[%clk 1:00:17]} 10. O-O-O {[%clk 1:23:43]} Bd7
{[%clk 0:52:24]} 11. e5 {[%clk 1:11:42]} dxe5 {[%clk 0:30:12]} 12. Nc6
{[%clk 1:10:58]} Qc7 {[%clk 0:24:22]} 13. Nxe5 {[%clk 1:10:59]} Be7
{[%clk 0:21:50]} 14. Bxf6 {[%clk 0:53:09]} gxf6 {[%clk 0:18:54]} 15. Nxd7
{[%clk 0:53:06]} Nxd7 {[%clk 0:19:14]} 16. Rhe1 {[%clk 0:52:14]} Nc5
{[%clk 0:15:35]} 17. Qh5 {[%clk 0:46:08]} Qf4+ {[%clk 0:09:38]} 18. Kb1
{[%clk 0:45:25]} Qg5 {[%clk 0:09:56]} 19. Qf3 {[%clk 0:44:35]} O-O
{[%clk 0:09:13]} 20. Nd5 {[%clk 0:40:46]} Bd8 {[%clk 0:07:14]} 21. h4
{[%clk 0:30:28]} Qg7 {[%clk 0:05:02]} 22. Nf4 {[%clk 0:29:11]} Be7
{[%clk 0:04:56]} 23. g4 {[%clk 0:28:09]} Kh8 {[%clk 0:02:59]} 24. Nd5
{[%clk 0:23:49]} Bd8 {[%clk 0:03:03]} 25. Ne3 {[%clk 0:23:31]} Ba5
{[%clk 0:01:48]} 26. Rg1 {[%clk 0:23:06]} Rfd8 {[%clk 0:01:59]} 27. g5
{[%clk 0:20:52]} f5 {[%clk 0:02:02]} 28. h5 {[%clk 0:20:47]} Rac8
{[%clk 0:01:36]} 29. Rxd8+ {[%clk 0:18:22]} Bxd8 {[%clk 0:01:34]} 30. Nxf5
{[%clk 0:14:39]} exf5 {[%clk 0:01:55]} 31. Qxf5 {[%clk 0:15:04]} Rc7
{[%clk 0:01:33]} 32. h6 {[%clk 0:15:06]} Qg6 {[%clk 0:01:03]} 33. Re1
{[%clk 0:14:18]} Ne6 {[%clk 0:00:52]} 34. Bxe6 {[%clk 0:13:02]} fxe6
{[%clk 0:01:18]} 35. Rxe6 {[%clk 0:12:32]} Bxg5 {[%clk 0:00:34]} 36. Rxg6
{[%clk 0:12:39]} hxg6 {[%clk 0:00:50]} 37. Qe5+ {[%clk 0:13:02]} Kh7
{[%clk 0:00:51]} 38. Qxc7+ {[%clk 0:13:22]} Kxh6 {[%clk 0:01:18]} 39. Qc6
{[%clk 0:13:28]} Bh4 {[%clk 0:01:31]} 40. f3 {[%clk 0:13:40]} 1-0

[Event "1. liga - západ"]
[Site "Praha"]
[Date "2017.11.12"]
[Round "2.7"]
[White "Adamek, Zdenek"]
[Black "Skara, Vladimir"]
[Result "1-0"]
[BlackElo "2230"]
[WhiteElo "2208"]
[WhiteTeam "DP Praha"]
[BlackTeam "Bartos Unichess"]
[LiveChessVersion "1.4.8"]

1. d4 {[%clk 1:30:40]} e6 {[%clk 1:22:03]} 2. c4 {[%clk 1:31:00]} c5
{[%clk 1:22:28]} 3. d5 {[%clk 1:30:36]} exd5 {[%clk 1:22:56]} 4. cxd5
{[%clk 1:30:59]} d6 {[%clk 1:23:22]} 5. Nc3 {[%clk 1:31:09]} Nf6 {[%clk 1:23:45]}
6. e4 {[%clk 1:31:26]} g6 {[%clk 1:24:12]} 7. Nge2 {[%clk 1:31:31]} Bg7
{[%clk 1:24:37]} 8. Ng3 {[%clk 1:31:53]} O-O {[%clk 1:24:51]} 9. Be2
{[%clk 1:32:19]} a6 {[%clk 1:25:16]} 10. a4 {[%clk 1:32:41]} Re8 {[%clk 1:16:09]}
11. O-O {[%clk 1:31:24]} Nbd7 {[%clk 1:12:37]} 12. Bg5 {[%clk 1:26:36]} h6
{[%clk 1:12:23]} 13. Be3 {[%clk 1:26:50]} Nf8 {[%clk 1:12:26]} 14. Qd2
{[%clk 1:16:05]} h5 {[%clk 1:04:51]} 15. f3 {[%clk 1:16:01]} Rb8 {[%clk 1:01:38]}
16. Rfc1 {[%clk 0:53:12]} N8h7 {[%clk 0:53:45]} 17. Nh1 {[%clk 0:42:54]} Nd7
{[%clk 0:53:19]} 18. Nf2 {[%clk 0:42:04]} Ne5 {[%clk 0:47:14]} 19. Kh1
{[%clk 0:38:48]} Qe7 {[%clk 0:39:26]} 20. Re1 {[%clk 0:34:21]} Bd7
{[%clk 0:38:17]} 21. a5 {[%clk 0:27:55]} f6 {[%clk 0:27:56]} 22. Na4
{[%clk 0:23:48]} Bb5 {[%clk 0:25:44]} 23. Nb6 {[%clk 0:23:49]} Nf8
{[%clk 0:24:26]} 24. Rac1 {[%clk 0:16:17]} Nfd7 {[%clk 0:24:31]} 25. b4
{[%clk 0:13:05]} Nxb6 {[%clk 0:23:26]} 26. axb6 {[%clk 0:13:25]} c4
{[%clk 0:23:20]} 27. f4 {[%clk 0:12:43]} Ng4 {[%clk 0:18:45]} 28. Nxg4
{[%clk 0:10:09]} hxg4 {[%clk 0:17:04]} 29. Bxg4 {[%clk 0:09:37]} Qxe4
{[%clk 0:16:58]} 30. Be6+ {[%clk 0:09:31]} Rxe6 {[%clk 0:12:00]} 31. dxe6
{[%clk 0:08:53]} Bc6 {[%clk 0:08:31]} 32. Bc5 {[%clk 0:07:24]} Qd3
{[%clk 0:07:01]} 33. Qxd3 {[%clk 0:07:08]} cxd3 {[%clk 0:07:26]} 34. Bxd6
{[%clk 0:07:29]} Rd8 {[%clk 0:04:05]} 35. e7 {[%clk 0:07:22]} Rxd6
{[%clk 0:04:19]} 36. Rxc6 {[%clk 0:07:42]} d2 {[%clk 0:03:09]} 37. e8=Q+ 1-0